000 01410cam a22003857a 4500
003 CHAP
005 20220329142149.0
008 000124d1999 mx a r 00110 spa d
010 _a79442
011 _a80414
035 _a90864
040 _cCHAP
090 _aTesis
100 0 0 _aCruz Castro, Santiago.
_929325
245 1 0 _aEnraizamiento de esquejes de jitomate (Lycopersicon esculentum Mill.) Cv. Daniela bajo condiciones de invernadero
_c/por Santiago Cruz Castro
260 _aChapingo, Méx. :
_bEl autor,
_c1999.
300 _a73 h. :
_bilus. ; gráfs. ; cuadros
502 _aTesis (Ing. Agr. Esp. en Fitotecnia) -- UACH. Departamento de Fitotecnia
590 _aALEPH
_b10
_c20130110
_lUCH01
_h1431
590 _aBATCH-UPD
_b10
_c20130110
_lUCH01
_h0820
590 _aBATCH-UPD
_b10
_c20130410
_lUCH01
_h0458
590 _aBATCH-UPD
_b10
_c20130914
_lUCH01
_h0342
590 _aCONVERSION
_b10
_c20130109
_lUCH01
_h1344
650 1 4 _aAcido indolbutírico.
_9590
650 1 4 _aCultivos en invernadero.
_930376
650 1 4 _aEnraizamiento.
_937013
650 1 4 _aPlantas
_xCrecimiento
_xAditivos.
_988804
650 1 4 _aTomate
_xPlántulas.
_9113749
901 _aBK
905 _aGuadalupe Pinto C.
942 _cFOLL
949 _bBC
_cTES
_d33724000728036
_eTS2
_fc.2
_h34363
_i90864
_si
949 _bBC
_cTES
_d33724000768032
_eTS2
_fc.3
_h35457
_i90864
_sb
949 _bBC
_cTES
_d90864
_eTS1
_h34362
_i90864
_sb
999 _c79442
_d79442